Essentials of surgical specialties / (Record no. 49)

000 -LEADER
fixed length control field 02163cam a22003974a 4500
001 - CONTROL NUMBER
control field 65617515
003 - CONTROL NUMBER IDENTIFIER
control field OCoLC
005 - DATE AND TIME OF LATEST TRANSACTION
control field 20210411104522.0
008 - FIXED-LENGTH DATA ELEMENTS--GENERAL INFORMATION
fixed length control field 060331s2007 paua b 001 0 eng
010 ## - LIBRARY OF CONGRESS CONTROL NUMBER
LC control number 2006011197
016 7# - NATIONAL BIBLIOGRAPHIC AGENCY CONTROL NUMBER
Record control number 101273086
Source DNLM
020 ## - INTERNATIONAL STANDARD BOOK NUMBER
International Standard Book Number 0781750040
024 3# - OTHER STANDARD IDENTIFIER
Standard number or code 9780781750042
040 ## - CATALOGING SOURCE
Original cataloging agency DNLM/DLC
Transcribing agency DLC
Modifying agency NLM
-- BAKER
-- C#P
042 ## - AUTHENTICATION CODE
Authentication code pcc
049 ## - LOCAL HOLDINGS (OCLC)
Holding library YYEA
080 ## - UNIVERSAL DECIMAL CLASSIFICATION NUMBER
Universal Decimal Classification number 617
Item number E-80
096 ## - LOCALLY ASSIGNED NLM-TYPE CALL NUMBER (OCLC)
Classification number WO 500 E784 2007
245 00 - TITLE STATEMENT
Title Essentials of surgical specialties /
Statement of responsibility, etc. senior editor, Peter F. Lawrence ; editors, Richard M. Bell, Merril T. Dayton ; textbook content editor, Mohammed I. Ahmed ; question bank editor, James C. Hebert.
250 ## - EDITION STATEMENT
Edition statement 3rd ed.
260 ## - PUBLICATION, DISTRIBUTION, ETC.
Place of publication, distribution, etc. Philadelphia:
Name of publisher, distributor, etc. Lippincott Williams & Wilkins,
Date of publication, distribution, etc. c2007.
300 ## - PHYSICAL DESCRIPTION
Extent xii, 467 p. :
Other physical details ill. ;
Dimensions 28 cm.
365 ## - TRADE PRICE
Price amount 5.92 usd
504 ## - BIBLIOGRAPHY, ETC. NOTE
Bibliography, etc. note Includes bibliographical references and index.
505 0# - FORMATTED CONTENTS NOTE
Formatted contents note Anesthesiology / Susan L. Polk ... [et al.] -- Pediatric surgery: surgical diseases of children / Philip J. Wolfson ... [et al.] -- Plastic surgery: diseases of the skin and soft tissue, face, and hand / Garrett A. Wirth and Gregory R.D. Evans -- Cardiothoracic surgery: diseases of the heart, great vessels, and thoracic cavity / Alan Spotnitz, Marshall L. Jacobs, and Manisha R. Shende -- Otolaryngology: diseases of the head and neck / Gerald Berke ... [et al.] -- Orthopedic surgery: diseases of the musculoskeletal system / John J. Murnaghan -- Urology: diseases of the genitourinary system / Joel Gelman, Barry P. Duel, and Isaac Yi Kim -- Neurosurgery: diseases of the nervous system / Mark E. Linskey -- Ophthalmology: diseases of the eye / Alan S. Crandall Jr. ... [et al.].
590 ## - LOCAL NOTE (RLIN)
Local note c.1 1001424x Ritt 12/12/06 $50.00.
650 #2 - SUBJECT ADDED ENTRY--TOPICAL TERM
Topical term or geographic name entry element Surgical Procedures, Operative.
650 #2 - SUBJECT ADDED ENTRY--TOPICAL TERM
Topical term or geographic name entry element Specialties, Surgical
General subdivision methods.
653 ## - INDEX TERM--UNCONTROLLED
Uncontrolled term ქირურგია
653 ## - INDEX TERM--UNCONTROLLED
Uncontrolled term ქირურგიული პროცედურები
653 ## - INDEX TERM--UNCONTROLLED
Uncontrolled term ქირურგიული სპეციალობები
700 1# - ADDED ENTRY--PERSONAL NAME
Personal name Lawrence, Peter F.
700 1# - ADDED ENTRY--PERSONAL NAME
Personal name Bell, Richard M.
700 1# - ADDED ENTRY--PERSONAL NAME
Personal name Dayton, Merril T.
942 ## - ADDED ENTRY ELEMENTS (KOHA)
Source of classification or shelving scheme
Koha item type Books
Edition 3
Holdings
Withdrawn status Lost status Source of classification or shelving scheme Damaged status Not for loan Permanent location Current location Date acquired Inventory number Full call number Barcode Date last seen Price effective from Koha item type Total Checkouts
          Ken Walker International University Ken Walker International University 11/05/2020 67 617 E-80 67 11/05/2020 11/05/2020 Books  
          Ken Walker International University Ken Walker International University 11/19/2020 1096 617 E-80 1096 11/19/2020 11/19/2020 Books  

Powered by Koha